banner-ar

فى سبيل ارتقاء المرأة / (Record no. 41215)

MARC details
000 -الفاتح
حقل البيانات ثابتة الطول 00479nam a2200169Ia 4500
008 - عناصر البيانات ثابتة الطول - معلومات عامة
حقل البيانات ثابتة الطول 140319s9999 xx 000 0 ara d
040 ## - مصدر الفهرسة
وكالة الفهرسة الأصلية GCL /
وكالة النسخ GCL
082 04 - رقم تصنيف ديوى العشرى
رقم التصنيف 301.412
رقم المادة ع ف
100 1# - المدخل الرئيسى - إسم شخصى
الإسم الشخصى غارودى، روجيه
245 10 - بيان العنوان
العنوان فى سبيل ارتقاء المرأة /
بيان المسئوليه,etc غارودى، روجيه
700 1# - المدخل الاضافى - اسم شخصى
الإسم الشخصى جلال مطرجى
300 ## - الوصف المادى
التعداد 167
490 ## - بيان السلسلة
عنوان السلسلة كتاب
رقم المجلد/ التعيين التسلسلي 0
650 04 - المدخل الاضافى بالموضوع-مصطلح موضوعى
مصطلح موضوعي المرأة فى الحياة العامة
942 ## - عناصر المدخل الإضافي( كوها)
مصدر التصنيف او مخطط الترفيف Dewey Decimal Classification
Koha [default] item type كتاب
Holdings
حالة التراجع حالة الفقد حالة تلف ليس للاعارة المكان المؤقت الموقع الحالى تاريخ الاكتساب اجمالي اﻻعارات رقم الطلب الباركود تاريخ اخر مشاهدة تاريخ تفعيل السعر نوع وعاء كوها
        مكتبة القاهرة الكبرى مكتبة القاهرة الكبرى 03/26/2014   301.412\ع ف 99276 03/26/2014 03/26/2014 كتاب
        مكتبة القاهرة الكبرى مكتبة القاهرة الكبرى 03/26/2014   301.412\ع ف 99277 03/26/2014 03/26/2014 كتاب
        مكتبة القاهرة الكبرى مكتبة القاهرة الكبرى 03/26/2014   301.412\ع ف 99278 03/26/2014 03/26/2014 كتاب

Powered By

EGPV